000 00626nam a2200241Ia 4500
003 OSt
005 20221007080636.0
006 a|||||r|||| 00| 0
007 ta
008 221006b |||||||| |||| 00| 0 eng d
024 _a6,525
037 _cTextual
040 _aFLL
_cFLL
_beng
041 _2eng
_aeng
082 _aX:9:22, L8
100 _aReynolds L. G.
245 0 _aLabor economics and labor relations
250 _a7th
260 _aNew Jersey
_b Prentice-Hall, Inc. New
_c1978
300 _axvi,651p
_ccm.
942 _hX:9:22, L8
_cTEXL
_2CC
999 _c1160402
_d1160402